00471nam a2200109Ia 4500008004100000050002300041100002200064245015400086260008600240300002000326521001500346140724s9999 xx 000 0 und d aBF 698b.V722 2010 aVillarin, Paul N. aInterpersonal attraction and "I-Sharing" among selected male and female students of Southville International School and Colleges /cPaul N. Villarin. aLas Piñas, Philippines :bSouthville International School and Colleges,cc2010. a50 p. :c28 cm. aPsychology